| 000 | 00671nam a2200241Ia 4500 | ||
|---|---|---|---|
| 008 | 180523s9999 xx 000 0 und d | ||
| 020 | _a978-0-06-120850-8 | ||
| 050 | _aMAIN TT 617 | ||
| 050 | _b.A85 2007 | ||
| 245 | 0 | _aAskmen.com presents the style bible : | |
| 245 | 4 | _bthe 11 rules for building a complete and timeless wardrobe / | |
| 245 | 0 | _cedited by James Bassil. | |
| 260 | _aNew York : | ||
| 260 | _bHarperCollins Publishers, | ||
| 260 | _c2007 | ||
| 300 | _a208 pages : | ||
| 300 | _billustrations ; | ||
| 300 | _c23 cm. | ||
| 500 | _aIncludes index. | ||
| 650 | _aFashion. | ||
| 650 | _aMen's clothing. | ||
| 650 | _xMen's furnishing goods. | ||
| 999 |
_c357724 _d357724 |
||